00369nam a2200121Ia 4500008004100000050002200041245004700063260004000110300001600150650003200166980003200198999001700230151021s9999 xx 000 0 und d aHC 865 .K47 2013  aKenya Ministry of Devolution and Planning  aNairobi : Government Printer, 2013  axvi,118 p.  a_County Vision and Mission  a^d20140317 03:34:20^omwanik c14792d14792